| 000 | 00828cam a2200265 i 4500 | ||
|---|---|---|---|
| 008 | |||
| 020 | _a042045330X (hbk.) | ||
| 090 |
_aKD2079 _bCAI |
||
| 100 | 1 | _aCain, T.E. | |
| 245 | 1 | 0 |
_aCharlesworth and Cain company law / _cT.E. Cain ; Scottish editor, Enid A. Marshall ; Chapter 29, taxation by L. P. K. Brindley. |
| 250 | _a11th ed. | ||
| 260 |
_aLondon : _bStevens and Sons, _c1977. |
||
| 300 |
_alxx, 682 p. ; _c23 cm. |
||
| 500 | _aIncludes index. | ||
| 504 | _aIncludes bibliographical references. | ||
| 650 | 0 |
_aCorporation law _zGreat Britain. |
|
| 700 | 1 | _aMarshall, Enid A. | |
| 700 | 1 | _aBrindley, L. P. K. | |
| 907 |
_a.b10326339 _b30-01-13 _c30-01-13 |
||
| 003 | |||
| 005 | 20230123121958.0 | ||
| 040 | _cNUST | ||
| 049 | _aMAIN | ||
| 942 |
_cBOOKS _kKD2079 _mCAI |
||
| 999 |
_c125703 _d125703 |
||